000 00473nam a2200145 4500
008 050517s1968 -hk chi
090 _aBV4510.2
_bC36f
100 0 _aChan, Stephen C.T.
245 1 0 _aFrom faith to maturity {ch}/
_cStephen C.T. Chan.
260 _aHong Kong :
_bThe Alliance Press,
_c1968.
300 _a139 p.
650 4 _aChristian development {ch}.
650 4 _aFaith {ch}.
951 _pC-7286
_x00032764
_oBV4510.2/C36f-2
_j070613111455531
_d2000-12-21
_cCH
999 _c23364
_d23364